01314nam a2200301 a 450000100060000000300090000600800410001502000150005604000280007108200190009910000260011824500280014425000060017226000450017830000100022349000250023359000490025865000300030765000300033765000310036765000280039894200120042699900170043895201540045595201380060995201320074795201330087917601CO-ViMGA141112s2004 ck r 000 u spa d a8424656091 aCO-ViMGAbspacCO-ViMGA04a792.0233 F473d1 aFite, Salvador92492910aLa dirección escenica a2 aBarcelona (España), cLagalera, c1992 a61.p. aTaller de teatro - 9 aForma de adquisición : Premio - Mincultura14aDIRECCION ESCENICA92493014aTEATRO - DIRECCION92493114aTEATRO - PRODUCCION92493214aTEATRO - TECNICA924933 2ddccBK c27095d27095 00102ddc40708003aMEVIECARbMEVIECARd2015-12-04hVolumen. 1 | 11/jun/2009l0o792.0233 F473d p17601r2015-12-04 00:00:00tEj. 1w2015-12-04yBK 00102ddc4070aMEVHERMObMEVHERMOd2024-03-13k792.0233 F37d EJ1l0o792.0233pVISTOO997r2024-03-13 15:30:44tEj.1w2024-03-13yBK 00102ddc40708GENaMECUMARAbMECUMARAcLITd2024-06-19l0o792.0233F37dpCUM00681r2024-06-19 09:00:35tEj.1w2024-06-19yBK 00102ddc40708GENaMEBAUPIAbMEBAUPIAcGENd2025-07-14l0o792.0233 F473dpBUP1907r2025-07-14 15:49:38tEj.1w2025-07-14yBK